Singapore Multiple Choice - Statistics

General Stats
  • This quiz has been taken 240 times
  • The average score is 8 of 15
Answer Stats
Question Answer % Correct
What currency does Singapore use? Dollar
86%
Which of these ethnic groups is largest in Singapore? Chinese
84%
Which of these is NOT an official language of Singapore? Malayam
78%
How many Olympic Gold Medals has Singapore won? 1
76%
What is Singapore's top export? Machinery
69%
What colour is the Singapore passport? Red
62%
What rank is Singapore in terms of population density? 2
54%
How many people live in Singapore as of the present day (2024)? 6 million
47%
Finish the lyrics: Semua kita _______. Berseru
43%
When did Singapore ban chewing gum January 1992
43%
How old is Singapore this year? (2024) 59
40%
When was the gold medal won? 2016
31%
And in what event? Swimming
28%
Which of these countries does NOT have diplomatic relationships with Singapore? Monaco
23%
What does the crescent on the Singapore flag mean? A young nation
22%
No matching quizzes found
Score Distribution
Percent of People with Each Score
Percentile by Number Answered
Your Score History
You have not taken this quiz